Estadísticas de intercambio comercial de los países latinoamericanos: 1980-1984 /

Gespeichert in:
Bibliographische Detailangaben
Körperschaften: Banco Interamericano de Desarrollo, Instituto para la Integración de América Latina
Format: Text
Veröffentlicht: Buenos Aires: BID
Tags: Tag hinzufügen
Keine Tags, Fügen Sie den ersten Tag hinzu!

MARC

LEADER 00000 a a2200000 04500
001 24074
003
040 |a CRAI/IIS  |c CRAI/IIS 
090 |a 171200  
110 |a Banco Interamericano de Desarrollo  
245 |a Estadísticas de intercambio comercial de los países latinoamericanos: 1980-1984 /  |c Banco Interamericano de Desarrollo  
260 |a Buenos Aires:   |b BID  
300 |a 576 p.   |b **no definido**  
710 |a Instituto para la Integración de América Latina  
999 |c 4505  |d 4505